000 00615nam a2200205 i 4500
001 46847
003 ES-MaACL
005 20260701143607.0
007 t|
008 030401s1936 fr ||||1| fre d
100 1 _aCons, Louis.
_940225
245 1 0 _aEtat présent des études sur Villon /
_cpar Louis Cons.
260 _aParis :
_bLes Belles Lettres,
_c1936 (
_eLiguje :
_fE. Aubin et Fils)
300 _a161 p. ;
_c19 cm.
490 1 _aEtudes francaises
600 0 4 _aVillon, François,
_d1431-ca. 1463
_9115268
830 0 _aEtudes francaises
_9229995
852 _aES-MaACL
_jA-4000
999 _c46847
_d46847